Optimismo y autoestima como predictores de bienestar personal : (Record no. 178557)
[ view plain ]
| 000 -CABECERA | |
|---|---|
| campo de control de longitud fija | 01674nab a2200253 a 4500 |
| 005 - FECHA Y HORA DE LA ÚLTIMA TRANSACCIÓN | |
| campo de control | 20210219162549.0 |
| 008 - ELEMENTOS DE LONGITUD FIJA--INFORMACIÓN GENERAL | |
| campo de control de longitud fija | 991125s1985 mx 000 0 spa u |
| 035 ## - NÚMERO DE CONTROL DEL SISTEMA | |
| Número de control de sistema | UPN01000206456 |
| 049 ## - COLECCIÓN | |
| Colección | ART |
| 100 1# - ASIENTO PRINCIPAL--NOMBRE PERSONAL | |
| Nombre de persona | Moreno, Yaiza |
| 100 1# - ASIENTO PRINCIPAL--NOMBRE PERSONAL | |
| Nombre de persona | Marrero, Rosario J |
| 100 1# - ASIENTO PRINCIPAL--NOMBRE PERSONAL | |
| Filiación | rmarrero@ull.edu.es |
| 222 #0 - TÍTULO CLAVE | |
| Título clave | REVISTA MEXICANA DE PSICOLOGIA |
| 245 00 - MENCIÓN DE TÍTULO | |
| Título | Optimismo y autoestima como predictores de bienestar personal : |
| Resto del título | diferencias de género |
| 300 ## - DESCRIPCIÓN FÍSICA | |
| Extensión | 27-36 |
| 362 0# - FECHAS DE PUBLICACIÓN Y/O DESIGNACIÓN SECUENCIAL | |
| Fecha de publicación y/o designación secuencial | 2015 Volumen 32, número 1, enero-junio |
| 520 ## - NOTA DE RESUMEN, ETC. | |
| Sumario, etc. | El propósito fue analizar la relación del optimismo y la autoestima con el bienestar subjetivo y psicológico en función del género. Los participantes fueron 1,403 adultos, de entre 17 y 78 años, 52.9% mujeres y 47.1% hombres. Los análisis correlacionales mostraron que el optimismo y la autoestima se relacionaban positivamente con los distintos indicadores de bienestar subjetivo y psicológico. Un manova mostró que los hombres puntuaban más alto en optimismo y autoestima que las mujeres. Los aná- lisis de regresión indicaron que, tanto para hombres como para mujeres, el optimismo fue el principal predictor del bienestar subjetivo y la autoestima del bienestar psicológico, explicando entre 15 y 55% de la varianza del bienestar. Estos hallazgos tienen importantes implicaciones para diseñar programas de intervención que incrementen el bienestar de las personas adulta |
| 653 0# - TERMINO DE INDIZACION - NO CONTROLADO | |
| Término no controlado | OPTIMISMO |
| 653 0# - TERMINO DE INDIZACION - NO CONTROLADO | |
| Término no controlado | AUTOESTIMA |
| 653 0# - TERMINO DE INDIZACION - NO CONTROLADO | |
| Término no controlado | BIENESTAR SUBJETIVO |
| 653 0# - TERMINO DE INDIZACION - NO CONTROLADO | |
| Término no controlado | FORTALEZAS PERSONALES |
| 856 4# - LOCALIZACIÓN Y ACCESO ELECTRÓNICOS | |
| Identificador Uniforme del Recurso | <a href="http://www.ehu.eus/echeburua/pdfs/Revista%20Mexicana%20de%20Psicolog%C3%ADa.pdf">http://www.ehu.eus/echeburua/pdfs/Revista%20Mexicana%20de%20Psicolog%C3%ADa.pdf</a> |
| 905 ## - TIPO DE MATERIAL | |
| Tipo de material | Articulo |
No items available.
